000 00314nam a2200145Ia 4500
008 100122s9999 xx 000 0 und d
082 _b56625
_a823
100 _aSEGAL ERICH
245 _aONLY LOVE
260 _bPLATCUS
_c1998
300 _a257
630 _aONLY LOVE
730 _aONLY LOVE
942 _cBOOK
999 _c376722
_d376719